1645 1513 1792 1948 1107 1638 1686 1165 1047 1216 1474 1189 1108 1818 1576 1398 1748 1572 1818 1478 1623 1424 1724 1616 1398 1561 1508 1270 1157 1049 1383 1955 1358 1669 1046 1100 1264 1979 1114 1760 1426 1384 1070 1551 1743 1961 1048 1255 1442 1583 1071 1159 1208 1324 1732 1835 1404 1092 1874 1702 1244 1742 1578 1701 1922 1509 1968 1329 1806 1497 1737 1696 1551 1615 1431 1040 1979 1970 1779 1577 1955 1693 1754 1097 1675 1097 1927 1553 1581 1902 1484 1689 1724 1020 1329 1203 1683 1206 1918 BCNSPRNW ULIB Ver.6.0+V

เปลี่ยนเป็นภาษาไทย

Change to English
 แสดงรายละเอียดบรรณานุกรม
  กลับหน้าหลัก

Brief Record : Get Marc (ISO 2709) : E-mail record : QR code < ปิดหน้าต่าง
LEADER : 00000nam 2200000uu 4500
001    13399109183
003     ULIB
008    110203s2549||||th 000 0 tha d
020    9746134248(ล.1)
060  4 WA465^bม246พ ล.1 2549
110 1  มหาวิทยาลัยสุโขทัยธรรมาธิราช^bสาขาวิชาวิทยาศาสตร์สุขภาพ
245 00 เอกสารการสอนชุดวิชา พิษวิทยาและเวชศาสตร์อุตสาหกรรม หน่วยที่1-7=^b Toxicology and industrial medicine/^cสาขาวิชาวิทยาศาสตร์สุขภาพ มหาวิทยาลัยสุโขทัยธรรมาธิราช
246 0  Toxicology and industrial medicine
250    พิมพ์ครั้งที่ 12
260    นนทบุรี:^bศูนย์หนังสือมหาวิทยาลัยสุโขทัยธรรมาธิราช,^c2549
300    342 หน้า
650  7 พิษวิทยา
650  7 เวชศาสตร์อุตสาหกรรม
995    ทศพร
999 ^a ใช้งานได้ทุกระบบ
รายการนี้ยังไม่มีแท็ก
คุณยังไม่ได้ล็อกอิน คุณสามารถมีกิจกรรมร่วมกับเว็บไซต์ได้ แต่ต้องล็อกอินก่อน ::
  ล็อกอิน

รายการสื่อสารสนเทศ

ลำดับที่ ประเภท เลขเรียก/บาร์โค้ด สถานที่ สถานะ
- ไม่พบข้อมูล -

รายการใกล้เคียง
    หัวเรื่อง [พิษวิทยา]
    หัวเรื่อง [เวชศาสตร์อุตสาหกรรม]

BibComment


ยังไม่เคยถูกคอมเมนท์

คอมเมนท์ทรัพยากรรายการนี้
  คอมเมนท์: เอกสารการสอนชุดวิ..


 Copyright 2026. Bcnsprnw @Library